Sanmaanaane Maranyaachaa Hakka(Aantarrashtriya Paataliwar Chaalalele Ek Aandolan) (Record no. 348425)

MARC details
000 -LEADER
fixed length control field 005180000a22001810004500
005 - DATE AND TIME OF LATEST TRANSACTION
control field 20120302055438.0
040 ## - CATALOGING SOURCE
Original cataloging agency MAR
100 ## - MAIN ENTRY--PERSONAL NAME
Personal name Limaye,Vinaayak
245 ## - TITLE STATEMENT
Title Sanmaanaane Maranyaachaa Hakka(Aantarrashtriya Paataliwar Chaalalele Ek Aandolan)
250 ## - EDITION STATEMENT
Edition statement 1
260 ## - PUBLICATION, DISTRIBUTION, ETC. (IMPRINT)
Place of publication, distribution, etc Sanjali:Vi.Raa.Limaye,1985.
300 ## - PHYSICAL DESCRIPTION
Extent 123p.
365 ## - TRADE PRICE
Price amount 5/-
650 ## - SUBJECT ADDED ENTRY--TOPICAL TERM
Topical term or geographic name as entry element Kaaydaa-Aatmahatyaasambandhi
650 ## - SUBJECT ADDED ENTRY--TOPICAL TERM
Topical term or geographic name as entry element Kriyaa-Pratikriyaa-Aatmahatyaa
650 ## - SUBJECT ADDED ENTRY--TOPICAL TERM
Topical term or geographic name as entry element The Society For The Right To Die With Dignity
942 ## - ADDED ENTRY ELEMENTS (KOHA)
Koha item type Book
Holdings
Withdrawn status Lost status Damaged status Not for loan Home library Current library Date acquired Total Checkouts Barcode Date last seen Price effective from
        Institute For Oriental Study, Thane Institute For Oriental Study, Thane 12/02/2009   IOS-11052 12/02/2009 12/02/2009